Art of SEO (Record no. 223344)
[ view plain ]
| 000 -LEADER | |
|---|---|
| fixed length control field | 00522nam a2200181Ia 4500 |
| 008 - FIXED-LENGTH DATA ELEMENTS--GENERAL INFORMATION | |
| fixed length control field | 230714s9999 xx 000 0 und d |
| 020 ## - INTERNATIONAL STANDARD BOOK NUMBER | |
| International Standard Book Number | 9790000000000 |
| 041 ## - LANGUAGE CODE | |
| Language code of text/sound track or separate title | eng |
| 082 ## - DEWEY DECIMAL CLASSIFICATION NUMBER | |
| Classification number | 005.678 |
| Item number | ENG |
| 100 ## - MAIN ENTRY--PERSONAL NAME | |
| Personal name | Enge E. |
| 9 (RLIN) | 118268 |
| 245 ## - TITLE STATEMENT | |
| Title | Art of SEO |
| Remainder of title | Mastering Search Engine Optimization |
| 250 ## - EDITION STATEMENT | |
| Edition statement | 3rd ed. |
| 260 ## - PUBLICATION, DISTRIBUTION, ETC. (IMPRINT) | |
| Date of publication, distribution, etc. | 2016 |
| Name of publisher, distributor, etc. | O'reilly/SPD |
| 300 ## - PHYSICAL DESCRIPTION | |
| Extent | 982 |
| 365 ## - TRADE PRICE | |
| Currency code | Rs. |
| Price amount | 1700.00 |
| 700 ## - ADDED ENTRY--PERSONAL NAME | |
| Personal name | Enge E.; Spencer S. & Stricchiola J.C. |
| 9 (RLIN) | 199583 |
| 906 ## - LOCAL DATA ELEMENT F, LDF (RLIN) | |
| d | O:0598624-Jul-2018B:532317-Jul-2018 |
| c | TE |
| b | 10837.5 |
No items available.